000
00242nam a22001097a 4500
082
_a
621.381528 WAR'M
100
_a
WARNING, R. H
_9
75102
245
_a
MODERN TRANSISTOR RADIO
260
_a
SARODHA
_b
AWAN
_c
1980
300
_a
96P
942
_c
BK
999
_c
580589
_d
580589